000
00324pam a2200157a 44500
008
230515b1940 xxu||||| |||| 00| 0 eng d
020
_a
NULL
041
_a
HINDI
082
_a
1
100
_a
DATAR V
245
_a
TDITIVRTTAM
250
_a
1
260
_a
SANGAI
_b
N.D.
_c
1940
300
_a
100
650
_a
TDITIVRTTAM
999
_c
497001
_d
497001